|
000
|
01264nam0 2200241 450
|
|
001
|
012025000297
|
|
005
|
20241029091546.6
|
|
010
|
|
@a978-7-5753-0231-9@dCNY59.00
|
|
100
|
|
@a20241011d2024 em y0chiy50 ea
|
|
101
|
0
|
@achi
|
|
102
|
|
@aCN@b320000
|
|
105
|
|
@ay z 000ey
|
|
106
|
|
@ar
|
|
200
|
1
|
@a我爱问连岳@Awo ai wen lian yue@h8@f连岳著
|
|
210
|
|
@a南京@c译林出版社@d2024.7
|
|
215
|
|
@a403页@d21cm
|
|
314
|
|
@a连岳, 先后在《南方周末》《外滩画报》《上海壹周》等媒体开设专栏。个人经历颇丰, 成为记者之前, 曾当过老师, 做过检察官。2013年创办“连岳”公众号, 影响百万读者。
|
|
330
|
|
@a本书是知名专栏作家连岳与读者的邮件往来问答集, 收录了连岳2020秋到2021年春的82个精华案例, 根据主题分栏目, 方便检索, 逐一解决中青年人常见的困惑, 如: 编制迷信怎么破? 什么样的人不缺工作? 婚姻中遇人不淑如何自救? 孩子、房子, 家务与财务, 亲情与爱情, 复杂的关系如何平衡。如何面对婚姻危机、心理危机、健康危机……“我爱问连岳”系列火热连载近二十年, 在重大人生问题上, 助万千读者扫除经验盲区, 跨越思维陷阱。作者针对读者提出的人生具体难题, 给出解题思路, 令人一读醍醐灌顶, 再读终生受益。
|
|
606
|
0
|
@a书信集@Ashu xin ji@y中国@z当代
|
|
690
|
|
@aI267@v5
|
|
701
|
0
|
@a连岳@Alian yue@4著
|
|
801
|
0
|
@aCN@bCDNYKJZYXY@c20241011
|
|
905
|
|
@aCDNYKJZYXY@b300732252-54@dI267@e2238@f3
|
|
|
|
|
| |
| 我爱问连岳.8/连岳著.-南京:译林出版社,2024.7 |
| 403页;21cm |
| |
| |
| ISBN 978-7-5753-0231-9:CNY59.00 |
| 本书是知名专栏作家连岳与读者的邮件往来问答集, 收录了连岳2020秋到2021年春的82个精华案例, 根据主题分栏目, 方便检索, 逐一解决中青年人常见的困惑, 如: 编制迷信怎么破? 什么样的人不缺工作? 婚姻中遇人不淑如何自救? 孩子、房子, 家务与财务, 亲情与爱情, 复杂的关系如何平衡。如何面对婚姻危机、心理危机、健康危机……“我爱问连岳”系列火热连载近二十年, 在重大人生问题上, 助万千读者扫除经验盲区, 跨越思维陷阱。作者针对读者提出的人生具体难题, 给出解题思路, 令人一读醍醐灌顶, 再读终生受益。 |
| ● |
正题名:我爱问连岳
索取号:I267/2238
 
预约/预借
| 序号
|
登录号
|
条形码
|
馆藏地/架位号
|
状态
|
备注
|
|
1
|
732252
|
300732252
|
流通书库/
[索取号:I267/2238]
|
在馆
|
|
|
2
|
732253
|
300732253
|
柳城-3楼/柳城-3楼34架5列5层/
[索取号:I267/2238]
|
在馆
|
|
|
3
|
732254
|
300732254
|
柳城-3楼/柳城-3楼34架5列5层/
[索取号:I267/2238]
|
在馆
|
|